Muse Songs - Statistics

General Stats
  • This quiz has been taken 1,013 times
    714 since last reset
  • The average score is 206 of 497
Answer Stats
Album/Single/EP Song % Correct
Absolution | Absolution Tour (Live DVD) | HAARP (Live CD) | +3 others Hysteria
86%
Black Holes & Revelations | HAARP (Live CD) | Knights Of Cydonia (Single) | +3 others Supermassive Black Hole
86%
Black Holes & Revelations | HAARP (Live CD) | Live At Rome Olympic Stadium (Live CD) | Starlight (Single) Starlight
84%
Absolution | Absolution Tour (Live DVD) | HAARP (Live CD) | +3 others Time Is Running Out
84%
Exogenesis Symphony (Single) | Live At Rome Olympic Stadium (Live CD) | The Resistance | Uprising (Single) Uprising
84%
Absolution Tour (Live DVD) | HAARP (Live DVD) | Hullabaloo Soundtrack (Live DVD) | +3 others Plug In Baby
83%
Black Holes & Revelations | HAARP (Live CD) | Invincible (Single) | +2 others Knights Of Cydonia
82%
Absolution Tour (Live DVD) | Cave (Single) | Hullabaloo Soundtrack (Live CD) | +4 others Muscle Museum
79%
Live Covers / Intros / Outros / Jams / Riffs Muscle Museum Intro
79%
Absolution | Absolution Tour (Live DVD) | HAARP (Live CD) | +3 others Stockholm Syndrome
79%
Live Covers / Intros / Outros / Jams / Riffs Stockholm Syndrome Riff
79%
Absolution Tour (Live DVD) | Bliss (Single) | HAARP (Live CD) | +3 others New Born
78%
Hullabaloo Soundtrack (Live CD) | Showbiz Showbiz
78%
Live At Rome Olympic Stadium (Live CD) | Madness (Single) | The 2nd Law Madness
76%
Exogenesis Symphony (Single) | Live At Rome Olympic Stadium (Live CD) | Resistance (Single) | The Resistance Resistance
76%
Absolution Tour (Live DVD) | Hullabaloo Soundtrack (Live CD) | Muscle Museum (Single) | +6 others Sunburn
76%
Live Covers / Intros / Outros / Jams / Riffs Sunburn Intro
76%
Absolution | Absolution Tour (Live DVD) | Butterflies & Hurricanes (Single) | Sing For Absolution (Single) Sing For Absolution
75%
Absolution Tour (Live DVD) | Bliss (Single) | Hullabaloo Soundtrack (Live DVD) | +2 others Bliss
74%
Live Covers / Intros / Outros / Jams / Riffs Bliss Intro
74%
HAARP (Live DVD) | Hullabaloo Soundtrack (Live DVD) | Hyper Music/Feeling Good (Single) | +3 others Feeling Good
74%
Pressure (Single) | Simulation Theory Pressure
73%
Live At Rome Olympic Stadium (Live CD) | Supremacy (Single) | The 2nd Law Supremacy
72%
Absolution | Absolution Tour (Live DVD) | Butterflies & Hurricanes (Single) | HAARP (Live CD) Butterflies & Hurricanes
71%
Live Covers / Intros / Outros / Jams / Riffs Butterflies & Hurricanes Intro
71%
Dead Inside (Single) | Drones Dead Inside
71%
Live At Rome Olympic Stadium (Live CD) | Panic Station (Single) | The 2nd Law Panic Station
71%
Drones | Reapers (Single) Reapers
70%
Live At Rome Olympic Stadium (Live DVD) | The Resistance | Undisclosed Desires (Single) | Uprising (Single) Undisclosed Desires
69%
Cave (Single) | HAARP (Live CD) | Hullabaloo Soundtrack (Live DVD) | +4 others Unintended
69%
Drones | Mercy (Single) Mercy
68%
Hullabaloo Soundtrack (Live DVD) | Muscle Museum EP | Sawmills (Demo) 1998 | +3 others Uno
68%
Cave (Single) | Hullabaloo Soundtrack (Live DVD) | Muse EP | +3 others Cave
67%
Live Covers / Intros / Outros / Jams / Riffs Cave Intro
67%
Dig Down (Single) | Simulation Theory Dig Down
67%
Follow Me (Single) | Live At Rome Olympic Stadium (Live CD) | The 2nd Law Follow Me
67%
Black Holes & Revelations | HAARP (Live CD) | Map Of The Problematique (Single) Map Of The Problematique
67%
Dead Inside (Single) | Drones Psycho
67%
Live At Rome Olympic Stadium (Live DVD) | Survival (Single) | The 2nd Law Survival
67%
Simulation Theory | The Dark Side (Single) The Dark Side
67%
Simulation Theory | Thought Contagion (Single) Thought Contagion
67%
Live Covers / Intros / Outros / Jams / Riffs Early Hyper Music Riff
66%
Live Covers / Intros / Outros / Jams / Riffs Early MK Ultra
66%
Hullabaloo Soundtrack (Live DVD) | Hyper Music/Feeling Good (Single) | Origin Of Symmetry Hyper Music
66%
Live Covers / Intros / Outros / Jams / Riffs Hyper Music Riff
66%
MK Ultra (Single) | The Resistance MK Ultra
66%
Aftermath (Single) | Drones Aftermath
65%
Black Holes & Revelations | HAARP (Live CD) | Invincible (Single) Invincible
65%
Drones Drones
64%
Exogenesis Symphony (Single) | The Resistance Exogenesis Symphony: Cross-Pollination
64%
Exogenesis Symphony (Single) | The Resistance Exogenesis Symphony: Overture
64%
Exogenesis Symphony (Single) | The Resistance Exogenesis Symphony: Redemption
64%
Drones | Revolt (Single) Revolt
63%
The Resistance | United States Of Eurasia (Single) United States Of Eurasia (+Collateral Damage)
63%
Absolution | Absolution Tour (Live DVD) | Apocalypse Please (Single) | HAARP (Live DVD) Apocalypse Please
62%
Live Covers / Intros / Outros / Jams / Riffs Early United States Of Eurasia
62%
Simulation Theory | Something Human (Single) Something Human
62%
Dead Star/In Your World (Single) | Hullabaloo Soundtrack (Live CD) Dead Star
60%
Live Covers / Intros / Outros / Jams / Riffs Dead Star Riff
60%
Hullabaloo Soundtrack (Live CD) | Origin Of Symmetry Citizen Erased
55%
HAARP (Live CD) | Hullabaloo Soundtrack (Live CD) | Origin Of Symmetry Micro Cuts
53%
Live Covers / Intros / Outros / Jams / Riffs Micro Cuts Outro
53%
Neutron Star Collision (Love Is Forever) (Single) Neutron Star Collision (Love Is Forever)
52%
Hullabaloo Soundtrack (Live CD) | Origin Of Symmetry Space Dementia
52%
Live Covers / Intros / Outros / Jams / Riffs Space Dementia Outro
52%
Black Holes & Revelations | Knights Of Cydonia (Single) Assassin
51%
Live Covers / Intros / Outros / Jams / Riffs Assassin [Grand Omega Bosses Remix] Riff
51%
Live At Rome Olympic Stadium (Live CD) | The 2nd Law Animals
50%
Dead Star/In Your World (Single) | Hullabaloo Soundtrack (Live CD) In Your World
50%
Hullabaloo Soundtrack (Live CD) | Origin Of Symmetry Megalomania
49%
Drones The Handler
49%
Absolution | Uprising (Single) Intro
48%
Random 1-8 EP | Showbiz Fillip
47%
Absolution Interlude
47%
Live Covers / Intros / Outros / Jams / Riffs Interlude [2000]
47%
Black Holes & Revelations | HAARP (Live CD) Take A Bow
47%
Live Covers / Intros / Outros / Jams / Riffs Take A Bow Interlude
47%
The Resistance I Belong To You (+Mon Coeur S'Ouvre A Ta Voix)
46%
Black Holes & Revelations | HAARP (Live DVD) Soldier's Poem
46%
Absolution | Absolution Tour (Live DVD) Thoughts Of A Dying Atheist
46%
Hullabaloo Soundtrack (Live CD) | Origin Of Symmetry Darkshines
45%
Absolution | Absolution Tour (Live DVD) | Sing For Absolution (Single) Fury
45%
Live Covers / Intros / Outros / Jams / Riffs Fury Riff
45%
Bliss (Single) | Hullabaloo Soundtrack (Live CD) | Origin Of Symmetry Screenager
45%
Simulation Theory Algorithm
44%
New Kind Of Kick New Kind Of Kick
44%
Live At Rome Olympic Stadium (Live DVD) | The 2nd Law The 2nd Law: Isolated System
44%
Live At Rome Olympic Stadium (Live DVD) (Extras) | The 2nd Law The 2nd Law: Unsustainable
44%
Absolution | Absolution Tour (Live DVD) | HAARP (Live DVD) Blackout
43%
Showbiz | Unintended (Single) Hate This & I'll Love You
43%
Drones The Globalist
43%
Absolution | Absolution Tour (Live DVD) | Sing For Absolution (Single) The Small Print
43%
Absolution | Absolution Tour (Live DVD) Endlessly
42%
Black Holes & Revelations Exo-Politics
42%
Dead Star/In Your World (Single) | Origin Of Symmetry Futurism
42%
Black Holes & Revelations | HAARP (Live DVD) Hoodoo
42%
Muscle Museum (Single) | Muse EP | Sawmills (Demo) 1997 | +2 others Overdue
42%
The Resistance Unnatural Selection
42%
Black Holes & Revelations | HAARP (Live CD) City Of Delusion
41%
Drones Defector
41%
Live At Rome Olympic Stadium (Live DVD) (Extras) | The 2nd Law Liquid State
41%
The 2nd Law Save Me
41%
Muscle Museum (Single) | Muscle Museum EP | Newton Abbot (Demo) | +3 others Sober
41%
Drones [JFK]
40%
Live Covers / Intros / Outros / Jams / Riffs John F Kennedy Intro
40%
The 2nd Law Big Freeze
39%
Simulation Theory Propaganda
39%
Simulation Theory The Void
39%
Absolution Falling Away With You
38%
Live Covers / Intros / Outros / Jams / Riffs Falling Away With You [Instrumental]
38%
Showbiz | Unintended (Single) Falling Down
38%
Black Holes & Revelations | Invincible (Single) Glorious
38%
Simulation Theory Blockades
37%
Live At Rome Olympic Stadium (Live CD) | The 2nd Law Explorers
37%
Live At Rome Olympic Stadium (Live CD) | The Resistance Guiding Light
37%
Absolution | Absolution Tour (Live DVD) | Sing For Absolution (Single) Ruled By Secrecy
37%
Plug In Baby (Single) | Showbiz Spiral Static
37%
Simulation Theory Break It To Me
36%
Muscle Museum (Single) | Showbiz Escape
36%
Muse EP | Sawmills (Demo) 1997 Escape Your Meaningless
36%
Drones [Drill Sergeant]
35%
The 2nd Law Prelude
35%
Live Covers / Intros / Outros / Jams / Riffs Prelude In B Flat
35%
Live Covers / Intros / Outros / Jams / Riffs Prelude In C Sharp Minor
35%
Live Covers / Intros / Outros / Jams / Riffs Prelude In G Minor
35%
Simulation Theory Get Up And Fight
34%
Bliss (Single) | Hullabaloo Soundtrack (B-Sides) Hyper Chondriac Music
31%
Live Covers / Intros / Outros / Jams / Riffs Hyper Chondriac Music Outro
31%
Live Covers / Intros / Outros / Jams / Riffs Hyper Chondriac Music Riff
31%
Hullabaloo Soundtrack (B-Sides) | New Born (Single) Map Of Your Head
30%
Live Covers / Intros / Outros / Jams / Riffs Map Of Your Head Riff
30%
Hullabaloo Soundtrack (B-Sides) | Plug In Baby (Single) Nature_1
26%
Absolution Tour (Live DVD) | Butterflies & Hurricanes (Single) | Time Is Running Out (Single) The Groove
26%
Live Covers / Intros / Outros / Jams / Riffs The Groove [Instrumental]
26%
Hullabaloo Soundtrack (Live CD) | Muscle Museum (Single) | Newton Abbot (Demo) | +2 others Agitated
25%
Live Covers / Intros / Outros / Jams / Riffs Agitated Intro Riff
25%
Live Covers / Intros / Outros / Jams / Riffs Agitated Riff
25%
Hullabaloo Soundtrack (B-Sides) | New Born (Single) Shrinking Universe
25%
Hullabaloo Soundtrack (B-Sides) | Newton Abbot (Demo) | Sunburn (Single) Ashamed
24%
Live Covers / Intros / Outros / Jams / Riffs Ashamed Riff
24%
Starlight (Single) Easily
24%
Bliss (Single) | Hullabaloo Soundtrack (B-Sides) The Gallery
24%
Hullabaloo Soundtrack (B-Sides) | Random 1-8 EP | Sunburn (Single) Yes Please
24%
Live Covers / Intros / Outros / Jams / Riffs Yes Please Riff
24%
Dead Star/In Your World (Single) Can't Take My Eyes Off You
22%
Hysteria (Single) Eternally Missed
22%
Hullabaloo Soundtrack (B-Sides) | Unintended (Single) Recess
22%
Hullabaloo Soundtrack (B-Sides) | Hyper Music/Feeling Good (Single) Shine
22%
Plug In Baby (Single) Execution Commentary
21%
Live Covers / Intros / Outros / Jams / Riffs Execution Commentary Riff
21%
Hullabaloo Soundtrack (B-Sides) | Random 1-8 EP | Uno (Single) Forced In
21%
Muscle Museum (Single) | Newton Abbot (Demo) | Uno (Single) Jimmy Kane
21%
Cave (Single) | Muse EP | Newton Abbot (Demo) | +2 others Coma
19%
Supermassive Black Hole (Single) Crying Shame
19%
Resistance (Single) Prague
19%
Cave (Single) | Random 1-8 EP Host
18%
New Born (Single) Piano Thing
18%
Plug In Baby (Single) Bedroom Acoustics
17%
Live Covers / Intros / Outros / Jams / Riffs Bedroom Acoustics Riff
17%
Hyper Music/Feeling Good (Single) Please, Please, Please Let Me Get What I Want
17%
Cave (Single) Twin
17%
NME In Association With War Child Presents 1 Love House Of The Rising Sun
16%
Live Covers / Intros / Outros / Jams / Riffs House Of The Rising Sun Riff
16%
Unintended (Single) Nishe
16%
Live Covers / Intros / Outros / Jams / Riffs Nishe Riff
16%
Resistance (Single) Popcorn
16%
Muscle Museum (Single) Con-Science
15%
Muscle Museum EP | Sawmills (Demo) 1998 Instant Messenger
15%
Muscle Museum (Single) Minimum
15%
Muscle Museum (Single) | Random 1-8 EP | Uno (Single) Pink Ego Box
15%
Muscle Museum (Single) | Random 1-8 EP | Uno (Single) Do We Need This?
14%
Live Covers / Intros / Outros / Jams / Riffs Back In Black
12%
Live Covers / Intros / Outros / Jams / Riffs Back In Black Riff
12%
Uprising (Single) Who Knows Who
11%
Live Covers / Intros / Outros / Jams / Riffs Who Knows Who Riff
11%
Live Covers / Intros / Outros / Jams / Riffs Munich Jam
10%
Leaked Soaked
10%
Live Covers / Intros / Outros / Jams / Riffs Helsinki Jam
9%
HAARP (Live CD) | Live Covers / Intros / Outros / Jams / Riffs Dance Of The Knights
8%
Hullabaloo Soundtrack (Live DVD) | Live Covers / Intros / Outros / Jams / Riffs What's He Building?
8%
Live Covers / Intros / Outros / Jams / Riffs Bored
7%
Newton Abbot (Demo) Rain
7%
Starlight (Single) You Fucking Mother Fucker
7%
Newton Abbot (Demo) Balloonatic
6%
HAARP (Live DVD) Improv.
6%
Live Covers / Intros / Outros / Jams / Riffs Lithium
6%
Live Covers / Intros / Outros / Jams / Riffs Sign O' The Times
6%
This Is A Muse (Demo) Backdoor
5%
Newton Abbot (Demo) Boredom
5%
Newton Abbot (Demo) Falling With The Crowd
5%
Newton Abbot (Demo) Forameus
5%
Live Covers / Intros / Outros / Jams / Riffs Freedom
5%
Live Covers / Intros / Outros / Jams / Riffs Head Up
5%
Live Covers / Intros / Outros / Jams / Riffs Improv.
5%
Live Covers / Intros / Outros / Jams / Riffs Township Rebellion
5%
Newton Abbot (Demo) Crazy Days
4%
Live Covers / Intros / Outros / Jams / Riffs Killing In The Name
4%
Live Covers / Intros / Outros / Jams / Riffs Lies
4%
Live Covers / Intros / Outros / Jams / Riffs Maggie's Farm
4%
The Supermassive Selection Man Of Mystery
4%
Live Covers / Intros / Outros / Jams / Riffs Man With A Harmonica
4%
Live Covers / Intros / Outros / Jams / Riffs MK Jam
4%
Muscle Museum EP (Muscle Museum)#2
4%
Live Covers / Intros / Outros / Jams / Riffs Where The Streets Have No Name
4%
Live Covers / Intros / Outros / Jams / Riffs 0305030
3%
Live Covers / Intros / Outros / Jams / Riffs Bombtrack
3%
Live Covers / Intros / Outros / Jams / Riffs Dracula Mountain
3%
This Is A Muse (Demo) Feed
3%
Live Covers / Intros / Outros / Jams / Riffs Glasgow Jam
3%
Live Covers / Intros / Outros / Jams / Riffs Heartbreaker
3%
This Is A Muse (Demo) Jigsaw Memory
3%
Live Covers / Intros / Outros / Jams / Riffs Montpellier Jam
3%
Live Covers / Intros / Outros / Jams / Riffs Osaka Jam
3%
This Is A Muse (Demo) Sling
3%
Live Covers / Intros / Outros / Jams / Riffs We Are The Universe
3%
Live At Rome Olympic Stadium (Live DVD) Bomb Intro
2%
Live Covers / Intros / Outros / Jams / Riffs Bulls On Parade
2%
Live Covers / Intros / Outros / Jams / Riffs Endless, Nameless
2%
Live Covers / Intros / Outros / Jams / Riffs Microphone Fiend
2%
Live Covers / Intros / Outros / Jams / Riffs School
2%
Live Covers / Intros / Outros / Jams / Riffs The Star-Spangled Banner
2%
Live Covers / Intros / Outros / Jams / Riffs Tourette's
2%
Live Covers / Intros / Outros / Jams / Riffs War Within A Breath
2%
Live Covers / Intros / Outros / Jams / Riffs Adagio For Strings
1%
Live Covers / Intros / Outros / Jams / Riffs Adagio In G Minor
1%
Live Covers / Intros / Outros / Jams / Riffs Adagio Sostenuto
1%
Live Covers / Intros / Outros / Jams / Riffs America
1%
Live Covers / Intros / Outros / Jams / Riffs Asturius
1%
Unreleased A Turn To Stone
1%
Live Covers / Intros / Outros / Jams / Riffs Blue Orchid
1%
Live Covers / Intros / Outros / Jams / Riffs Blue Valentine
1%
Live Covers / Intros / Outros / Jams / Riffs Born This Way
1%
Live Covers / Intros / Outros / Jams / Riffs Burning Bridges (On And Off An On Again)
1%
Live Covers / Intros / Outros / Jams / Riffs Close Encounters Of The Third Kind
1%
Unreleased Cut Me Down
1%
Live Covers / Intros / Outros / Jams / Riffs DMV
1%
Live Covers / Intros / Outros / Jams / Riffs Early Drum & Bass Riff
1%
Live Covers / Intros / Outros / Jams / Riffs El Scorcho
1%
Unreleased Emotion Coming
1%
Live Covers / Intros / Outros / Jams / Riffs Enter Sandman
1%
Live Covers / Intros / Outros / Jams / Riffs Entrance Of The Gladiators [Guitar Version]
1%
Live Covers / Intros / Outros / Jams / Riffs Entrance Of The Gladiators [Piano Version]
1%
Live Covers / Intros / Outros / Jams / Riffs Etude Op.10, No.1
1%
Live Covers / Intros / Outros / Jams / Riffs Etudes Simples #6
1%
Unreleased Fashionless
1%
Live Covers / Intros / Outros / Jams / Riffs Flamenco Riff
1%
Live Covers / Intros / Outros / Jams / Riffs Fuji Riff
1%
Live Covers / Intros / Outros / Jams / Riffs Glastonbury Riff
1%
Live Covers / Intros / Outros / Jams / Riffs Hangar 18
1%
Live Covers / Intros / Outros / Jams / Riffs How I Could Just Kill A Man
1%
Live Covers / Intros / Outros / Jams / Riffs Il Mercenario
1%
Live Covers / Intros / Outros / Jams / Riffs I Want To Break Free
1%
Live Covers / Intros / Outros / Jams / Riffs Jazz Jam
1%
Live Covers / Intros / Outros / Jams / Riffs Jenny Was A Race Car Driver
1%
Live Covers / Intros / Outros / Jams / Riffs Kaoss Jam
1%
Live Covers / Intros / Outros / Jams / Riffs La Campanella
1%
Live Covers / Intros / Outros / Jams / Riffs Laura Palmer's Theme
1%
Live Covers / Intros / Outros / Jams / Riffs Low Tune Riff
1%
Live Covers / Intros / Outros / Jams / Riffs Mini Riff
1%
Live Covers / Intros / Outros / Jams / Riffs Misirlou
1%
Live Covers / Intros / Outros / Jams / Riffs Muse Throwing Their Equipment Into The Sea
1%
Live Covers / Intros / Outros / Jams / Riffs My Own Summer (Shove It)
1%
Live Covers / Intros / Outros / Jams / Riffs Negative Creep
1%
Live Covers / Intros / Outros / Jams / Riffs Ocean Étude Op. 25, No. 12
1%
Live Covers / Intros / Outros / Jams / Riffs People Of The Sun
1%
Live Covers / Intros / Outros / Jams / Riffs Peter Gunn Theme
1%
Unreleased Pointless Loss
1%
Live Covers / Intros / Outros / Jams / Riffs Power Of Soul
1%
Live Covers / Intros / Outros / Jams / Riffs Pre-Sunburn Riff
1%
Live Covers / Intros / Outros / Jams / Riffs Pre-Uno Riff
1%
Live Covers / Intros / Outros / Jams / Riffs Protests Intro
1%
Live Covers / Intros / Outros / Jams / Riffs Revolver
1%
Live Covers / Intros / Outros / Jams / Riffs School Boy Crush
1%
Live Covers / Intros / Outros / Jams / Riffs Scratch Jam
1%
Live Covers / Intros / Outros / Jams / Riffs Seoul Riff
1%
Unreleased Small Minded
1%
Live Covers / Intros / Outros / Jams / Riffs Testify
1%
Live Covers / Intros / Outros / Jams / Riffs The Bells Of Moscow
1%
Live Covers / Intros / Outros / Jams / Riffs The Fly
1%
Live Covers / Intros / Outros / Jams / Riffs Too Many Puppies
1%
Live Covers / Intros / Outros / Jams / Riffs Undone - The Sweater Song
1%
Live Covers / Intros / Outros / Jams / Riffs Voodoo Child (Slight Return)
1%
Live Covers / Intros / Outros / Jams / Riffs Vuilstamen Riff
1%
Unreleased Weakening Walls
1%
Unreleased Who Knows, Who Cares
1%
Live Covers / Intros / Outros / Jams / Riffs Whole Lotta Love
1%
Unreleased Yellow Regret
1%
Live Covers / Intros / Outros / Jams / Riffs YYZ
1%
No matching quizzes found
Score Distribution
Percent of People with Each Score
Percentile by Number Answered
Your Score History
You have not taken this quiz since the last reset